000 00768nas a2200229 4500
001 BR9510053
003 BR-BrBNA
005 20231205095540.0
007 ta
008 230509b bl.|||p| |||| 00| 00por d
040 _aBR-BrBNA
_bpor
_cBiblioteca Nacional de Agricultura
041 _a(Pt)
072 _aM11
100 1 _aBarbieri, G.
245 1 _aEstrutura populacional do cascudo, Rineloricaria latirostris Boulenger, 1899 (Siluriformes, Loricariidae)do rio Passa Cinco, Ipeuna, estado de Sao Paulo
650 _aCascudo
650 _aDinamica Populacional
650 _aSao Paulo
773 0 _tRevista Ceres (Brazil)
_xISSN 0034-737X
_g(Mar-Apr 1995), v. 42(240) p. 167-176
_wBR9510053
909 _a202311
_bLúcia
_c55
_dLúcia Elande
942 _2AGRIS
_n0
_cANA
999 _c151307
_d151307